Pozycja Geographic Name
Liczba rekordów, w których użyto hasła: 1
001 - Numer kontrolny
- control field: 39373
003 - Identyfikator numeru kontrolnego
- control field: NUKAT
005 - Data i czas ostatniej modyfikacji
- control field: 20260331234825.0
008 - Dane kontrolne kodowane (40 znaków)
- fixed length control field: 050120n||azznnbabn |a ana |
010 ## - Numer kontrolny Biblioteki Kongresu
- numer kontrolny LC: p 2004402567
034 ## - CODED CARTOGRAPHIC MATHEMATICAL DATA
- Coordinates - westernmost longitude: E0245610
- Coordinates - easternmost longitude: E0245610
- Coordinates - northernmost latitude: N0543824
- Coordinates - southernmost latitude: N0543824
- Source: geonames
035 ## - Numer systemowy
- numer systemowy: a1015811x
035 ## - Numer systemowy
- numer systemowy: (PL)a0000001015811
040 ## - Instytucja sporządzająca rekord
- inst. przygot. dane do rek. khw: WA N
- język haseł przedmiotowych/tezaurus: DBN
- inst. wprow. rek. khw: WA N
043 ## - Kod obszaru geograficznego
- ISO code: LT
151 ## - Hasło - nazwa geograficzna
- nazwa geograficzna: Troki (Litwa, okr. wileński, rej. trocki)
368 ## - Other Attributes
- Juris type: Miasta
451 ## - Trop zob. - nazwa geograficzna
- nazwa geograficzna: Trakai
451 ## - Trop zob. - nazwa geograficzna
- nazwa geograficzna: Trakaj
451 ## - Trop zob. - nazwa geograficzna
- nazwa geograficzna: Nowe Troki
530 #0 - Trop zob. też - tytuł ujednolicony
- tytuł ujednolicony: Matka Boska Trocka (obraz)
550 ## - Trop zob. też - nazwa pospolita
- nazwa posp. lub nazwa geogr. na pocz.: Bazylika Nawiedzenia NMP (Troki)
550 ## - Trop zob. też - nazwa pospolita
- nazwa posp. lub nazwa geogr. na pocz.: Cmentarz karaimski w Trokach
550 ## - Trop zob. też - nazwa pospolita
- nazwa posp. lub nazwa geogr. na pocz.: Kienesa w Trokach
550 ## - Trop zob. też - nazwa pospolita
- nazwa posp. lub nazwa geogr. na pocz.: Pałac Tyszkiewiczów (Zatrocze)
550 ## - Trop zob. też - nazwa pospolita
- nazwa posp. lub nazwa geogr. na pocz.: Zamek w Trokach
551 ## - Trop zob. też - nazwa geograficzna
- nazwa geograficzna: Województwo trockie (1413-1795)
551 ## - Trop zob. też - nazwa geograficzna
- podpole kontrolne: h
- nazwa geograficzna: Zatrocze (Troki ; część miasta)
670 ## - Źródło informacji
- źródło informacji: Wikipedia
670 ## - Źródło informacji
- źródło informacji: PSG
682 ## - Informacja o usuniętym haśle
- tekst wyjaśniający: zmienione z:
- zastąpione hasło: Troki (Litwa)